81 Babynamen der Woche 10/26' - Statistiken

Allgemein
  • Dieses Quiz wurde 12 mal gespielt
  • Das Durchschnittsergebnis liegt bei 35 aus 81
Antwortstatistiken
📍 Vorname % Korrekt
An.a ♀️ Anna
83%
Em.l ♂️ Emil
83%
Em.l.a ♀️ Emilia
83%
No.h ♂️ Noah
83%
Pa.l ♂️ Paul
83%
Aa..n ♂️ Aaron
75%
Ad.m ♂️ Adam
75%
An.e ♀️ Anne
75%
Ed..h ♀️ Edith
75%
G.b.i.l ♂️ Gabriel
75%
I.a ♀️ Ida
75%
J.n.h ♂️ Jonah
75%
M.t.h..s ♂️ Matthias | Mathias
75%
M.x.m ♂️ Maxim
75%
M.h.m.d ♂️ Mohamad
75%
S.m..l ♂️ Samuel
75%
D.m..n ♂️ Damian
67%
El.s ♀️ Elis
67%
F.l.x ♂️ Felix
67%
H.n..h ♀️ Hannah
67%
J.h.n.a ♀️ Johanna
67%
L.o ♂️ Lio
67%
L.v ♀️ Liv
67%
W..h..m ♂️ Wilhelm
67%
Z.e ♀️ Zoe
67%
B.n.d..t ♂️ Benedikt
58%
El..a ♀️ Elisa
58%
El.s.a ♀️ Elissa
58%
F.l.c.t.s ♀️ Felicitas
58%
J.n.t..n ♂️ Jonathan | Jonatan
58%
Ni.o ♂️ Nino
58%
A.g.l..a ♀️ Angelina
50%
C.r..t..n ♂️ Christian
50%
G.o.g.a ♀️ Giorgia
50%
H.l..e ♀️ Helene
50%
H..b..t ♂️ Herbert
50%
L.n.y ♂️ Lenny
50%
L.u ♀️ Lou
50%
M.r.e ♀️ Marie
50%
M.t..o ♂️ Matteo
50%
S.f.a ♀️ Sofia
50%
Al.a ♀️ Alma
42%
A.r.l.a ♀️ Aurelia
42%
G.n.v.e ♀️ Genevie
42%
K..s.a.t.n ♂️ Konstantin
42%
L.v.n.a ♀️ Lavinia
42%
Lu.n ♂️ Luan
42%
M.r.a ♀️ Maria
42%
On.o ♂️ Onno
42%
R.b.a ♀️ Rabea
42%
Ro.y ♀️ Romy
42%
F.o.a ♀️ Flora
33%
G.e.e ♀️ Grete
33%
Mo.a ♀️ Mora
33%
An..l..a ♀️ Annalena
25%
Es..l.e ♀️ Estelle
25%
J.r.n ♂️ Jaron
25%
P.n.l..e ♀️ Penelope
25%
Ta.o ♂️ Taro
25%
T..r..a ♀️ Theresa
25%
As.a ♀️ Asha
17%
G.a.e ♀️ Grace
17%
J.e..e ♀️ Joelle
17%
L..t.t.a ♀️ Laetitia
17%
M.b.l.e ♀️ Mabelle
17%
N.e.i ♀️ Noemi
17%
Al..a ♀️ Alisa
8%
C.s.i.s ♂️ Cassius
8%
D.r.s ♂️ Daris
8%
El..e ♀️ Eline
8%
Fj.l.a ♀️ Fjella
8%
K.l.a ♀️ Kalea
8%
N.d.l ♂️ Nidal
8%
Am..a ♀️ Amaya
0%
A.r..a ♀️ Aurora
0%
El..a ♀️ Elara
0%
Ev..t..a ♀️ Evanthia
0%
N.n.o ♂️ Nanno
0%
S.n.d ♂️ Senad
0%
T.n.o ♂️ Tendo
0%
Y.h.a ♂️ Yahya
0%
Keine übereinstimmenden Quizze gefunden
Verteilung der Resultate
Anzahl Personen mit jedem Resultat
Perzentil nach korrekt beantworteten Fragen
Ihre Resultats-Entwicklung
Sie haben dieses Quiz noch nicht gespielt